| 000 | 00532nam a22001937a 4500 | ||
|---|---|---|---|
| 005 | 20251108165405.0 | ||
| 008 | 250721s1996 xx 000 0 ara d | ||
| 082 | 1 | 4 | _aم/922.189/طعم |
| 100 | 1 | _aالطعمي، محيي الدين | |
| 245 | 1 | 0 | _aطبقات الشاذلية الكبرى / |
| 264 | 1 |
_aبيروت : _bدار الجيل، _c1996. |
|
| 300 | _a229ص | ||
| 650 | 1 | 7 | _aالصوفية |
| 650 | 1 | 7 | _aالتراجم |
| 650 | 1 | 7 | _aالتصوف |
| 650 | 1 | 7 | _aالشاذلية |
| 942 |
_2ddc _cREF |
||
| 999 |
_c26751 _d26751 |
||